000 00794cam a22002771 4500
001 11833
003 BD-RjUL
005 20211208235205.0
008 720222r19501948xx 001 0 eng
035 _a(BD-RjUL)11882
035 _a(OCoLC)246158
040 _aDLC
_cOCoD
_dOCoLC
_dOClW
_dOCoLC
_dNSyU
_dDLC
_dBD-RjUL
_beng
041 _aeng
082 _223
_a576.58
_bKEN 1950
100 1 _aKeith, Arthur,
_d1866-1955.
_936655
245 1 2 _aA new theory of human evolution /
_cArthur Keith
260 _aNew York :
_bPhilosophical Library,
_c1950
300 _ax, 451 p. ;
_c22 cm.
504 _aIncludes index.
650 0 _aRace
_936656
650 0 _aHuman beings
_xOrigin
_93799
650 0 _aEvolution
_936657
942 _2ddc
_cBK
999 _c11833
_d11833